LA FUERZA DEL CONOCIMIENTO: LA DIMENSION CIENTIFICA DE LA SOCIEDAD/

Gorde:
Xehetasun bibliografikoak
Egile nagusia: Ziman, John (autor)
Formatua: Liburua
Saila:EL LIBRO DE BOLSILLO; 765
Gaiak:
Etiketak: Etiketa erantsi
Etiketarik gabe, Izan zaitez lehena erregistro honi etiketa jartzen!

MARC

LEADER 00000nam^a2200000^a^4500
001 000220058
005 20250521000000.0
009 20260310103834.248
020 |a 84-206-1765-2 
035 |a 037061 
037 |a Acervo Xavier Clavigero 
082 |a 306. 4  |b ZIM 
100 |a Ziman, John  |e (autor) 
245 1 3 |a LA FUERZA DEL CONOCIMIENTO:  |b LA DIMENSION CIENTIFICA DE LA SOCIEDAD/  |c JOHN ZIMAN 
264 |a MADRID :  |b ALIANZA,  |c 1980 
300 |a 392p. :  |b il., retrs. 
336 |a texto  |b txt  |2 rdacontenido 
337 |a sin mediación  |b n  |2 rdamedio 
338 |a volumen  |b nc  |2 rdasoporte 
440 |a EL LIBRO DE BOLSILLO;  |v 765 
649 |a XX 
650 |a Sociología del Conocimiento 
650 |a Ciencia -  |x Historia 
910 |a Fondo General 
920 |a Impresos - Libros 
930 |a Colección General 
905 |a 101 
901 |a 037061  |b IT1  |c ACC  |i 037061  |u 20250521 
901 |a 018640  |b IT1  |c ACC  |i 018640  |u 20250521 
901 |a 029981  |b IT1  |c ACC  |i 029981  |u 20250521 
902 |a https://opac.biblio.iteso.mx/vufind/Record/000220058